<?xml version="1.0" encoding="UTF-8"?>
<record
    xmlns:xsi="http://www.w3.org/2001/XMLSchema-instance"
    xsi:schemaLocation="http://www.loc.gov/MARC21/slim http://www.loc.gov/standards/marcxml/schema/MARC21slim.xsd"
    xmlns="http://www.loc.gov/MARC21/slim">

  <leader>02804cam a22003977a 4500</leader>
  <datafield tag="952" ind1=" " ind2=" ">
    <subfield code="0">0</subfield>
    <subfield code="1">0</subfield>
    <subfield code="2">ddc</subfield>
    <subfield code="4">0</subfield>
    <subfield code="7">0</subfield>
    <subfield code="8">FOR</subfield>
    <subfield code="a">MES</subfield>
    <subfield code="b">MES</subfield>
    <subfield code="c">FOR </subfield>
    <subfield code="d">2021-12-27</subfield>
    <subfield code="e">35</subfield>
    <subfield code="g">1844.31</subfield>
    <subfield code="l">5</subfield>
    <subfield code="m">8</subfield>
    <subfield code="o">572.86 BUT/F</subfield>
    <subfield code="p">41330</subfield>
    <subfield code="r">2025-12-16 15:37:16</subfield>
    <subfield code="s">2025-11-27</subfield>
    <subfield code="v">1844.31</subfield>
    <subfield code="w">2021-12-27</subfield>
    <subfield code="y">BK</subfield>
    <subfield code="z">GL51R4</subfield>
  </datafield>
  <datafield tag="999" ind1=" " ind2=" ">
    <subfield code="c">41379</subfield>
    <subfield code="d">41379</subfield>
  </datafield>
  <controlfield tag="001">13731796</controlfield>
  <controlfield tag="003">OSt</controlfield>
  <controlfield tag="005">20211210144423.0</controlfield>
  <controlfield tag="008">040927s2005    ne a     b    001 0 eng d</controlfield>
  <datafield tag="010" ind1=" " ind2=" ">
    <subfield code="a">  2004114214</subfield>
  </datafield>
  <datafield tag="020" ind1=" " ind2=" ">
    <subfield code="a">9780121479510</subfield>
  </datafield>
  <datafield tag="020" ind1=" " ind2=" ">
    <subfield code="a">012147951X (acidfree paper)</subfield>
  </datafield>
  <datafield tag="035" ind1=" " ind2=" ">
    <subfield code="a">(OCoLC)ocm58844928</subfield>
  </datafield>
  <datafield tag="040" ind1=" " ind2=" ">
    <subfield code="a">TXM</subfield>
    <subfield code="c">TXM</subfield>
    <subfield code="d">ABC</subfield>
    <subfield code="d">CUX</subfield>
    <subfield code="d">OCL</subfield>
    <subfield code="d">BAKER</subfield>
    <subfield code="d">DLC</subfield>
  </datafield>
  <datafield tag="042" ind1=" " ind2=" ">
    <subfield code="a">lccopycat</subfield>
  </datafield>
  <datafield tag="050" ind1="0" ind2="0">
    <subfield code="a">RA1057.55</subfield>
    <subfield code="b">.B88 2005</subfield>
  </datafield>
  <datafield tag="082" ind1="0" ind2="4">
    <subfield code="a">572.86</subfield>
    <subfield code="b">BUT/F</subfield>
  </datafield>
  <datafield tag="100" ind1="1" ind2=" ">
    <subfield code="a">Butler, John M.</subfield>
    <subfield code="q">(John Marshall),</subfield>
    <subfield code="d">1969-</subfield>
    <subfield code="9">8938</subfield>
  </datafield>
  <datafield tag="245" ind1="1" ind2="0">
    <subfield code="a">Forensic DNA typing :</subfield>
    <subfield code="b">biology, technology, and genetics of STR markers /</subfield>
    <subfield code="c">John M. Butler.</subfield>
  </datafield>
  <datafield tag="250" ind1=" " ind2=" ">
    <subfield code="a">.</subfield>
  </datafield>
  <datafield tag="260" ind1=" " ind2=" ">
    <subfield code="a">Amsterdam ;</subfield>
    <subfield code="a">Boston :</subfield>
    <subfield code="b">Elsevier Academic Press,</subfield>
    <subfield code="c">c2001..</subfield>
  </datafield>
  <datafield tag="300" ind1=" " ind2=" ">
    <subfield code="a">322 p. :</subfield>
    <subfield code="c">26 cm.</subfield>
  </datafield>
  <datafield tag="504" ind1=" " ind2=" ">
    <subfield code="a">Includes bibliographical references and indexes.</subfield>
  </datafield>
  <datafield tag="505" ind1="0" ind2="0">
    <subfield code="t">Overview and history of DNA typing --</subfield>
    <subfield code="t">DNA biology review --</subfield>
    <subfield code="t">Sample collection, DNA extraction and DNA quantitation --</subfield>
    <subfield code="t">The polymerase chain reaction (DNA amplification) --</subfield>
    <subfield code="t">Commonly used short tandem repeat markers and commercial kits --</subfield>
    <subfield code="t">Biology of STRs : stutter products, non-template addition, microvariants, null alleles, and mutation rates --</subfield>
    <subfield code="t">Forensic issues : degraded DNA, PCR inhibition, contamination, mixed samples and low copy number --</subfield>
    <subfield code="t">Single nucleotide polymorphisms and other bi-allelic markers -- Y chromosome DNA testing -- Mitochondrial DNA analysis -- Non-human DNA testing and microbial forensics --</subfield>
    <subfield code="t">DNA separation methods : slab-gel and capillary electrophoresis --</subfield>
    <subfield code="t">DNA detection methods : fluorescent dyes and silver-staining --</subfield>
    <subfield code="t">Instrumentation for STR typing : ABI 310, ABI 3100, FMBIO systems --</subfield>
    <subfield code="t">STR genotyping issues --</subfield>
    <subfield code="t">Laboratory validation --</subfield>
    <subfield code="t">New technologies, automation, and expert systems --</subfield>
    <subfield code="t">Combined DNA index system (CODIS) and the use of DNA databases --</subfield>
    <subfield code="t">Basic genetic principles, statistics, and probability -- STR population database analyses -- Profile frequency estimates, likelihood ratios, and source attribution -- Approaches to statistical analysis of mixtures and degraded DNA -- Kinship and parentage testing -- Mass disaster DNA victim identification.</subfield>
  </datafield>
  <datafield tag="650" ind1=" " ind2="0">
    <subfield code="a">DNA fingerprinting.</subfield>
  </datafield>
  <datafield tag="650" ind1=" " ind2="0">
    <subfield code="a">Forensic genetics.</subfield>
  </datafield>
  <datafield tag="650" ind1=" " ind2="0">
    <subfield code="a">DNA</subfield>
    <subfield code="x">Synthesis.</subfield>
  </datafield>
  <datafield tag="650" ind1="1" ind2="2">
    <subfield code="a">DNA Fingerprinting</subfield>
    <subfield code="x">methods.</subfield>
  </datafield>
  <datafield tag="650" ind1="2" ind2="2">
    <subfield code="a">Databases, Nucleic Acid.</subfield>
  </datafield>
  <datafield tag="650" ind1="2" ind2="2">
    <subfield code="a">Forensic Medicine.</subfield>
  </datafield>
  <datafield tag="856" ind1="4" ind2="2">
    <subfield code="3">Publisher description</subfield>
    <subfield code="u">http://www.loc.gov/catdir/enhancements/fy0620/2004114214-d.html</subfield>
  </datafield>
  <datafield tag="856" ind1="4" ind2="1">
    <subfield code="3">Table of contents only</subfield>
    <subfield code="u">http://www.loc.gov/catdir/enhancements/fy0620/2004114214-t.html</subfield>
  </datafield>
  <datafield tag="906" ind1=" " ind2=" ">
    <subfield code="a">7</subfield>
    <subfield code="b">cbc</subfield>
    <subfield code="c">copycat</subfield>
    <subfield code="d">2</subfield>
    <subfield code="e">epcn</subfield>
    <subfield code="f">20</subfield>
    <subfield code="g">y-gencatlg</subfield>
  </datafield>
  <datafield tag="942" ind1=" " ind2=" ">
    <subfield code="2">ddc</subfield>
    <subfield code="c">BK</subfield>
    <subfield code="h">572.86</subfield>
    <subfield code="i">BUT/F</subfield>
    <subfield code="k">572.86</subfield>
    <subfield code="m">BUT/F</subfield>
  </datafield>
</record>
